| 000 | 02084cam a22002054a 4500 | ||
|---|---|---|---|
| 005 | 20250605164203.0 | ||
| 008 | 250528s ||||||||||||||||||||||||d | ||
| 035 | _a19817 | ||
| 020 | _a070/1999 | ||
| 040 |
_aGR-AtMCL _bgre _dGR-AtMCL _eAACR2 |
||
| 245 | 1 | _aΧρηματοοικονομική Διοίκηση / Τμήμα Επιχειρησιακής Έρευνας και Μάρκετινγκ | |
| 260 |
_bΟικονομικό Πανεπιστήμιο Αθηνών, _c1999 |
||
| 300 | _a374 | ||
| 505 | 0 | _aΕισαγωγή, Διαχρονική Αξίας του Χρήματος, Ανάλυση Χρηματοοικονομικών Δεικτών, Ανάλυση Ταμειακών Ροών, Προγραμματισμός Επενδύσεων Κεφαλαίου, Κίνδυνος και Προγραμματισμός Επενδύσεων Κεφαλαίου, Κόστος Κεφαλαίου, Κεφαλαιακή Διάρθρωση, Πολιτική Μερίσματος, Χρηματοδοτική Μίσθωση, Εταιρείες Κεφαλαίου Επιχειρηματικών Συμμετοχών, Πρακτορεία Επιχειρηματικών Επενδύσεων, Παράρτημα, Βιβλιογραφία. | |
| 520 | _aΕισαγωγή, Διαχρονική Αξίας του Χρήματος, Ανάλυση Χρηματοοικονομικών Δεικτών, Ανάλυση Ταμειακών Ροών, Προγραμματισμός Επενδύσεων Κεφαλαίου, Κίνδυνος και Προγραμματισμός Επενδύσεων Κεφαλαίου, Κόστος Κεφαλαίου, Κεφαλαιακή Διάρθρωση, Πολιτική Μερίσματος, Χρηματοδοτική Μίσθωση, Εταιρείες Κεφαλαίου Επιχειρηματικών Συμμετοχών, Πρακτορεία Επιχειρηματικών Επενδύσεων, Παράρτημα, Βιβλιογραφία. | ||
| 700 | 1 |
_aΒασιλείου Δημήτρης _94293 |
|
| 942 | _cBK | ||
| 999 |
_c5064 _d5064 |
||